| 000 | 00732nam a2200217 i 4500 | ||
|---|---|---|---|
| 001 | 50258 | ||
| 003 | ES-MaACL | ||
| 005 | 20251222205646.0 | ||
| 007 | t| | ||
| 008 | 030801s1971 sp ||||1| spa d | ||
| 100 | 1 |
_aCross, K.G.W. _941716 |
|
| 245 | 1 | 0 |
_aScott Fitzgerald / _cK.G.W. Cross ; [traducción, Pablo Recondo]. |
| 260 |
_a[Madrid] : _bE.P.E.S.A. [Ediciones y Publicaciones Españolas], _c[1971] |
||
| 300 |
_a201 p. ; _c17 cm. |
||
| 490 | 1 |
_aGrandes escritores contemporáneos ; _v36 |
|
| 600 | 1 | 4 |
_aFitzgerald, F. Scott, _d1896-1940 _9242640 |
| 700 | 1 |
_aRecondo, Pablo. _995781 |
|
| 830 | 1 | 0 |
_aGrandes escritores contemporáneos (Epesa) _v36 _9180697 |
| 852 |
_aES-MaACL _jC-40809 |
||
| 999 |
_c50258 _d50258 |
||